Reading resource book

Bibliographic Details
Main Author: Jett-Simpson, Mary
Format: Book
Published: Atlanta : Humanics Limited , 1990
Subjects:

MARC

LEADER 00000cam a2200000 7i4500
001 0000008804
002 000009601
005 20000330.0
020 |a 0893340952 
090 0 0 |a 649.58   |b JET 
100 1 |a Jett-Simpson, Mary 
245 1 0 |a Reading resource book   |c Mary Jett-Simpson 
260 |a Atlanta :   |b Humanics Limited ,   |c 1990 
300 |a 255p. ;   |c 28cm. 
650 0 0 |a Books and reading 
650 0 0 |a Reading   |x Aids and devices 
999 |a 040267   |b BUKU   |c PINJAMAN   |e PERPUSTAKAAN KOMUNITI PETALING JAYA 
999 |a 040268   |b BUKU   |c PINJAMAN   |e PERPUSTAKAAN KOMUNITI PETALING JAYA 
999 |a 052826   |b BUKU   |c PINJAMAN   |e PERPUSTAKAAN KOMUNITI PETALING JAYA